000 00718pab a2200169 454500
008 180718b1998 xxu||||| |||| 00| 0 eng d
100 _aEngineer, Asghar Ali
245 _aCommunal violence, 1998
260 _c1998
300 _ap.3300-304
362 _a26 Dec
520 _aThis year while the minor riots, involving Hindus and Muslims, took few lives, there is clearly a change in the nature of the communal situation in most states. The consistent attack on Christian minorities and their places of worship in Gujarat and the reaction of the state's BJP government is a case in point. - Reproduced
650 _aViolence
650 _aCommunalism
773 _aEconomic and Political Weekly
909 _a39816
999 _c39816
_d39816